Carreras por carreras : una vida dedicada al cine y al teatro argentino /
Guardado en:
| Autor Principal: | |
|---|---|
| Formato: | Libro |
| Publicado: |
Buenos Aires :
Producciones Iturbe,
1996.
|
| Materias: | |
| Etiquetas: |
Agregar Etiqueta
Sin Etiquetas, Sea el primero en etiquetar este registro!
|
| LEADER | 00662nam a22002175a 4500 | ||
|---|---|---|---|
| 001 | CEM.cems013586 | ||
| 005 | 20111005174252.0 | ||
| 008 | 130507s1996##################000#0#####d | ||
| 003 | CEMS | ||
| 020 | |a 9879599217 | ||
| 082 | 0 | 4 | |a 927 |
| 100 | 1 | |a Carreras, Enrique | |
| 245 | 1 | 0 | |a Carreras por carreras : |b una vida dedicada al cine y al teatro argentino / |c Enrique Carreras. |
| 260 | |a Buenos Aires : |b Producciones Iturbe, |c 1996. | ||
| 300 | |a 173 p. | ||
| 653 | |a Autobiografía | ||
| 653 | |a Biografía | ||
| 653 | |a Carreras, enrique-biografía | ||
| 653 | |a Cine argentino | ||
| 653 | |a Entrevistas. | ||
| 859 | |a CEMS |b BIB. CEMS - 11 de abril |h 927 |i C233 |p 26232.11 |t Ej.1 | ||
